|
|
|
|
| LEADER |
02123nam a2200469 a 4500 |
| 001 |
000305804 |
| 003 |
CZ BrMZK |
| 005 |
20211214132900.0 |
| 007 |
ta |
| 008 |
980602s1997 xr a e p cze d |
| 015 |
|
|
|a cnb000305526
|
| 020 |
|
|
|a 80-7078-496-2
|
| 035 |
|
|
|a (OCoLC)39105799
|
| 035 |
|
|
|a (OCoLC)39105799
|
| 040 |
|
|
|a BOA001
|b cze
|
| 072 |
|
7 |
|a 519.1/.8
|x Kombinatorika. Teorie grafů. Matematická statistika. Operační výzkum. Matematické modelování
|2 Konspekt
|9 13
|
| 072 |
|
7 |
|a 37.016
|x Učební osnovy. Vyučovací předměty. Učebnice
|2 Konspekt
|9 22
|
| 080 |
|
|
|a 519.22
|2 MRF
|
| 080 |
|
|
|a 519.21
|2 MRF
|
| 080 |
|
|
|a (075.8)
|2 MRF
|
| 080 |
|
|
|a (076.5)
|2 MRF
|
| 100 |
1 |
|
|a Dummer, Robert Michael
|4 aut
|
| 245 |
1 |
0 |
|a Statistika I. :
|b (cvičení) /
|c Robert Michael Dummer, Martina Klímková
|
| 250 |
|
|
|a 1. vyd.
|
| 260 |
|
|
|a Ostrava :
|b Vysoká škola báňská - Technická univerzita Ostrava,
|c 1997
|
| 300 |
|
|
|a 91 s. ;
|c 29 cm
|
| 504 |
|
|
|a Obsahuje bibliografii
|
| 521 |
8 |
|
|a Určeno pro posluchače 2. ročníku FEI Vysoké školy báňské - Technické univerzity v Ostravě
|
| 650 |
0 |
7 |
|a matematická statistika
|7 ph122673
|2 czenas
|
| 650 |
0 |
7 |
|a teorie pravděpodobnosti
|7 ph116429
|2 czenas
|
| 655 |
|
7 |
|a učebnice vysokých škol
|7 fd133772
|2 czenas
|
| 655 |
|
7 |
|a praktická cvičení
|7 fd133118
|2 czenas
|
| 700 |
1 |
|
|a Litschmannová, Martina,
|d 1973-
|7 ola2002159179
|4 aut
|
| 710 |
2 |
|
|a Vysoká škola báňská - Technická univerzita Ostrava.
|b Fakulta elektrotechniky a informatiky
|7 kn20010709389
|
| 910 |
|
|
|a BOA001
|b TK-A-0263.155
|b TK-A-0264.998
|b 4-1042.752
|
| 920 |
|
|
|a 000420469
|
| 920 |
|
|
|a 000294098
|
| 990 |
|
|
|a BK
|
| 996 |
6 |
|
|b 2610066938
|c 4-1042.752
|l MZK
|r Sklad / do 1 hodiny
|n 10
|p p.v.
|w 000305804
|u 000040
|a 1
|e BOA001
|j MZK50
|s P
|
| 996 |
7 |
|
|b 2620010605
|c TK-A-0263.155
|l MZK
|r Sklad / do 24 hodin
|n 2
|p kup
|w 000305804
|u 000010
|a 1
|e BOA001
|j MZK50
|s A
|
| 996 |
7 |
|
|b 2620010606
|c TK-A-0263.155
|l MZK
|r Sklad / do 24 hodin
|n 2
|p kup
|w 000305804
|u 000020
|a 1
|e BOA001
|j MZK50
|s A
|
| 996 |
7 |
|
|b 2620014667
|c TK-A-0264.998
|l MZK
|r Sklad / do 24 hodin
|n 9
|p kup
|w 000305804
|u 000030
|a 1
|e BOA001
|j MZK50
|s A
|